| 000 | 00731nam a2200181 a 4500 | ||
|---|---|---|---|
| 001 | 000034961 | ||
| 005 | 20210409114021.0 | ||
| 008 | 111024s1991 cu a 000 p spa d | ||
| 040 |
_aDO-SdBNP _bspa _cBNPHU |
||
| 100 |
_aGarcía Lorca, Federico, _d1898-1936 _914727 |
||
| 245 | 1 | 0 |
_aFederico Garcia Lorca en Cuba : _b7 de marzo-13 de junio 1930 / _cFederico García Lorca ; selección y edición Aitana Alberti. |
| 260 |
_aLa Habana : _bArte y Literatura, _c1991. |
||
| 300 |
_a39 p. : _bil. ; _c19 cm. + _e10 tarjetas postales |
||
| 500 | _aPresentado en una carpeta que lleva por título: Federico García Lorca | ||
| 650 | 2 | 4 |
_aPoesía española _9631 |
| 650 | 2 | 4 |
_aLiteratura española _9632 |
| 700 | 1 |
_aAlberti, Aitana, _esel. _945052 |
|
| 999 |
_c34452 _d34452 |
||